000 01341cam a22003254a 4500
001 5616
003 FISKH
005 20241220112406.0
008 050217s2005 nyua j 001 0 eng
010 _a 2005004632
020 _a0516252976
020 _a9780516252971
040 _aDLC
_cDLC
_dDLC
_beng
050 _aQR351.L54
082 _a577.8
100 1 _aLindstrom, Karin,
_d1966-
245 1 0 _aTiny life on plants /
_cby Karin Lindstrom ; consultants, reading adviser, Nanci R. Vargus ; subject adviser, Howard A. Shuman.
260 _aNew York :
_bChildren's Press,
_c2005.
300 _a31 pages :
_bcolor illustrations ;
_c19 cm
440 0 _aRookie read-about science
500 _aIncludes index.
505 _aK
520 _aFrom friendly dolphins to giant pandas, from icebergs and glaciers to energy from the sun, from magnets to solids, liquids, and gases, Rookie Read-About Science is a natural addition to the primary-grade classroom with books that cover every part of the science curricula. Includes: animals, nature, scientific principles, the environment, weather, and much more!
521 8 _a510
_bLexile
521 8 _aK
_bRaz-Plus
650 0 _aPlants
_xMicrobiology
_vJuvenile literature.
906 _a7
_bcbc
_corignew
_d1
_eecip
_f20
_gy-gencatlg
942 _2ddc
_cBK
_n0
999 _c5616
_d5616